00313nam a2200097Ia 4500008004100000245007400041245001900115260000900134650002100143856005100164171204s9999 xx 000 0 und d aOperational Auditing: Principles and Techniques for a Changing World: cHernan Murdock c2016 xAPPLIED AUDITING uhttp://down.ebook777.com/051/9781498746397.pdf